Statistiche per Comuni del Veneto (con mappa)

Clicka qui per fare il quiz!

Statistiche generali

  • Questo quiz è stato fatto 1.937 volte
  • Il punteggio medio è 99 su 563

Risposte nella Mappa

Le risposte nella mappa del quiz sottostante sono codificate secondo una scala di colori dal rosso al verde in base alla % di persone che hanno risposto correttamente.
 

Statistiche sulle risposte

Comune% Corretto
Venezia
92%
Treviso
90%
Verona
90%
Vicenza
90%
Padova
89%
Belluno
87%
Rovigo
86%
Chioggia
71%
Jesolo
71%
Bassano del Grappa
66%
Cortina d'Ampezzo
66%
Caorle
62%
Asiago
58%
Castelfranco Veneto
56%
Portogruaro
56%
Vittorio Veneto
56%
Mira
55%
San Donà  di Piave
55%
Cittadella
54%
Conegliano
54%
Schio
54%
Vo'
54%
Montebelluna
53%
Nove
52%
Abano Terme
50%
Feltre
50%
Peschiera del Garda
50%
Mirano
47%
Thiene
47%
Adria
46%
Dolo
46%
Monselice
46%
Este
45%
Garda
44%
Valdobbiadene
44%
Legnago
42%
Mogliano Veneto
42%
Oderzo
42%
Marostica
41%
Asolo
40%
Paese
40%
Eraclea
39%
Noale
39%
Scorzè
39%
Cavallino-Treporti
38%
Noventa di Piave
38%
Piove di Sacco
38%
Longarone
37%
Auronzo di Cadore
36%
Maser
36%
Porto Tolle
36%
San Bonifacio
36%
Trebaseleghe
36%
Arzignano
35%
Campodarsego
35%
Camposampiero
35%
Noventa Padovana
34%
Pieve di Cadore
34%
Vigonza
34%
Montegrotto Terme
33%
Noventa Vicentina
33%
Pieve di Soligo
33%
San Michele al Tagliamento
33%
San Stino di Livenza
33%
Soave
33%
Spinea
33%
Stra
33%
Montecchio Maggiore
32%
Motta di Livenza
32%
Vedelago
32%
Vigodarzere
32%
Villorba
32%
Agordo
31%
Albignasego
31%
Arquà  Petrarca
31%
Martellago
31%
Cavarzere
30%
Montagnana
30%
Roncà
30%
Rosà
30%
Rosolina
30%
Zero Branco
30%
Badia Polesine
29%
Limena
29%
Marcon
29%
Quinto di Treviso
29%
Villafranca di Verona
29%
Nervesa della Battaglia
28%
Piombino Dese
28%
Preganziol
28%
Riese Pio X
28%
Casale sul Sile
27%
Istrana
27%
Mestrino
27%
Pianiga
27%
Quarto d'Altino
27%
Romano d'Ezzelino
27%
Valdagno
27%
Alleghe
26%
Altavilla Vicentina
26%
Campagna Lupia
26%
Legnaro
26%
Lonigo
26%
Roncade
26%
Rubano
26%
Santa Giustina
26%
Silea
26%
Spresiano
26%
Isola della Scala
25%
Meolo
25%
Piazzola sul Brenta
25%
Porto Viro
25%
Possagno
25%
San Giovanni Lupatoto
25%
San Martino di Lupari
25%
Santa Maria di Sala
25%
Torri di Quartesolo
25%
Arsiè
24%
Bardolino
24%
Cadoneghe
24%
Castello di Godego
24%
Cornuda
24%
Lazise
24%
Malo
24%
Ponte di Piave
24%
Recoaro Terme
24%
Susegana
24%
Tezze sul Brenta
24%
Vigonovo
24%
Camponogara
23%
Gruaro
23%
Pederobba
23%
Ponte nelle Alpi
23%
Ponte San Nicolò
23%
Ponzano Veneto
23%
Selvazzano Dentro
23%
Teolo
23%
Alpago
22%
Borso del Grappa
22%
Concordia Sagittaria
22%
Resana
22%
Rossano Veneto
22%
Salzano
22%
San Pietro in Gu
22%
Vidor
22%
Altivole
21%
Cerea
21%
Chiampo
21%
Creazzo
21%
Dueville
21%
Loria
21%
Roana
21%
Santa Lucia di Piave
21%
Santo Stefano di Cadore
21%
San Vito di Cadore
21%
Sommacampagna
21%
Villafranca Padovana
21%
Volpago del Montello
21%
Bolzano Vicentino
20%
Casier
20%
Cison di Valmarino
20%
Malcesine
20%
Pieve del Grappa
20%
Portobuffolè
20%
Povegliano
20%
San Biagio di Callalta
20%
San Giorgio delle Pertiche
20%
San Zenone degli Ezzelini
20%
Tombolo
20%
Annone Veneto
19%
Arcade
19%
Battaglia Terme
19%
Borca di Cadore
19%
Bussolengo
19%
Ceggia
19%
Cessalto
19%
Codevigo
19%
Due Carrare
19%
Farra di Soligo
19%
Giavera del Montello
19%
Loreggia
19%
Montebello Vicentino
19%
Quero Vas
19%
San Martino Buon Albergo
19%
San Vendemiano
19%
Trevignano
19%
Alano di Piave
18%
Breganze
18%
Camisano Vicentino
18%
Campolongo Maggiore
18%
Cona
18%
Conselve
18%
Cordignano
18%
Enego
18%
Fiesso d'Artico
18%
Follina
18%
Gallio
18%
Gazzo
18%
Godega di Sant'Urbano
18%
Grantorto
18%
Grisignano di Zocco
18%
Lamon
18%
Lusia
18%
Maserada sul Piave
18%
Musile di Piave
18%
Negrar di Valpolicella
18%
Occhiobello
18%
Piovene Rocchette
18%
Sedico
18%
Sernaglia della Battaglia
18%
Taglio di Po
18%
Boara Pisani
17%
Borgoricco
17%
Carmignano di Brenta
17%
Codognè
17%
Fossalta di Piave
17%
Fregona
17%
Lendinara
17%
Ospedaletto Euganeo
17%
Quinto Vicentino
17%
Revine Lago
17%
Sandrigo
17%
San Fior
17%
San Giorgio in Bosco
17%
Saonara
17%
Sona
17%
Torre di Mosto
17%
Valeggio sul Mincio
17%
Affi
16%
Calalzo di Cadore
16%
Caldiero
16%
Carbonera
16%
Cassola
16%
Castelcucco
16%
Cologna Veneta
16%
Falcade
16%
Gaiarine
16%
Mansuè
16%
Meduna di Livenza
16%
Moriago della Battaglia
16%
Mussolente
16%
Ormelle
16%
Orsago
16%
San Polo di Piave
16%
Segusino
16%
Selva di Cadore
16%
Valbrenta
16%
Zenson di Piave
16%
Agna
15%
Arcugnano
15%
Borgo Valbelluna
15%
Bovolenta
15%
Bovolone
15%
Breda di Piave
15%
Caerano di San Marco
15%
Cavaso del Tomba
15%
Comelico Superiore
15%
Costabissara
15%
Crocetta del Montello
15%
Fontanelle
15%
Fossalta di Portogruaro
15%
Fossò
15%
Galliera Veneta
15%
Isola Vicentina
15%
Miane
15%
Monastier di Treviso
15%
Morgano
15%
Nogara
15%
Pedavena
15%
Pove del Grappa
15%
Rotzo
15%
Sarcedo
15%
Sossano
15%
Teglio Veneto
15%
Torreglia
15%
Trissino
15%
Villa del Conte
15%
Brugine
14%
Campodoro
14%
Cappella Maggiore
14%
Cartigliano
14%
Cimadolmo
14%
Cinto Caomaggiore
14%
Colle Umberto
14%
Fonte
14%
Mareno di Piave
14%
Pramaggiore
14%
Refrontolo
14%
Sant'Angelo di Piove di Sacco
14%
Sovizzo
14%
Tarzo
14%
Valdastico
14%
Val di Zoldo
14%
Vazzola
14%
Zanè
14%
Arsiero
13%
Arzergrande
13%
Caldogno
13%
Campo San Martino
13%
Castelnuovo del Garda
13%
Domegge di Cadore
13%
Fontaniva
13%
Livinallongo del Col di Lana
13%
Lozzo di Cadore
13%
Monfumo
13%
Ospitale di Cadore
13%
Polverara
13%
Salgareda
13%
San Pietro di Feletto
13%
Sospirolo
13%
Valle di Cadore
13%
Villa Estense
13%
Vodo di Cadore
13%
Arre
12%
Baone
12%
Borgo Veneto
12%
Brendola
12%
Canale d'Agordo
12%
Casalserugo
12%
Castelgomberto
12%
Cencenighe Agordino
12%
Chiarano
12%
Curtarolo
12%
Galzignano Terme
12%
Gorgo al Monticano
12%
Limana
12%
Marano Vicentino
12%
Maserà  di Padova
12%
Piacenza d'Adige
12%
Santa Giustina in Colle
12%
Sarego
12%
Sarmede
12%
Seren del Grappa
12%
Solagna
12%
Stanghella
12%
Torri del Benaco
12%
Veronella
12%
Villanova di Camposampiero
12%
Zevio
12%
Zoppè di Cadore
12%
Anguillara Veneta
11%
Bagnoli di Sopra
11%
Bosco Chiesanuova
11%
Foza
11%
Grumolo delle Abbadesse
11%
Lorenzago di Cadore
11%
Lusiana Conco
11%
Massanzago
11%
Pernumia
11%
Pontelongo
11%
Saccolongo
11%
San Pietro di Cadore
11%
Tambre
11%
Valli del Pasubio
11%
Alonte
10%
Ariano nel Polesine
10%
Barbarano Mossano
10%
Carceri
10%
Casale di Scodosia
10%
Cervarese Santa Croce
10%
Chies d'Alpago
10%
Cibiana di Cadore
10%
Colle Santa Lucia
10%
Granze
10%
Laghi
10%
Monte di Malo
10%
Montegalda
10%
Monticello Conte Otto
10%
Nanto
10%
Pescantina
10%
Pozzoleone
10%
Rocca Pietore
10%
Schiavon
10%
Solesino
10%
Tribano
10%
Vigo di Cadore
10%
Bevilacqua
9%
Bressanvido
9%
Caltrano
9%
Caprino Veronese
9%
Cesiomaggiore
9%
Cinto Euganeo
9%
Colceresa
9%
Colognola ai Colli
9%
Danta di Cadore
9%
Fonzaso
9%
Fratta Polesine
9%
Gosaldo
9%
La Valle Agordina
9%
Longare
9%
Masi
9%
Montecchio Precalcino
9%
Montegaldella
9%
Monteviale
9%
Perarolo di Cadore
9%
Pianezze
9%
Rovolon
9%
San Pietro Viminario
9%
Santorso
9%
Soverzene
9%
Terrassa Padovana
9%
Vallada Agordina
9%
Velo Veronese
9%
Villaverla
9%
Altissimo
8%
Carrè
8%
Cartura
8%
Castelguglielmo
8%
Cornedo Vicentino
8%
Dolcè
8%
Gambugliano
8%
Grezzana
8%
Illasi
8%
Loreo
8%
Lozzo Atestino
8%
Merlara
8%
Montorso Vicentino
8%
Nogarole Rocca
8%
Pastrengo
8%
Polesella
8%
Roverchiara
8%
San Nicolò di Comelico
8%
Sant'Ambrogio di Valpolicella
8%
San Zeno di Montagna
8%
Taibon Agordino
8%
Veggiano
8%
Vigasio
8%
Voltago Agordino
8%
Zugliano
8%
Agugliaro
7%
Albettone
7%
Arquà  Polesine
7%
Candiana
7%
Castel d'Azzano
7%
Chiuppano
7%
Cogollo del Cengio
7%
Correzzola
7%
Erbè
7%
Fara Vicentino
7%
Lugo di Vicenza
7%
Palù
7%
Pozzonovo
7%
Salcedo
7%
San Gregorio nelle Alpi
7%
Sant'Elena
7%
San Tomaso Agordino
7%
Sant'Urbano
7%
Sovramonte
7%
Terrazzo
7%
Velo d'Astico
7%
Albaredo d'Adige
6%
Arcole
6%
Barbona
6%
Belfiore
6%
Brenzone sul Garda
6%
Brogliano
6%
Buttapietra
6%
Castagnaro
6%
Castelbaldo
6%
Cavaion Veronese
6%
Cazzano di Tramigna
6%
Cerro Veronese
6%
Ferrara di Monte Baldo
6%
Fumane
6%
Gambellara
6%
Gazzo Veronese
6%
Isola Rizza
6%
Melara
6%
Minerbe
6%
Monteforte d'Alpone
6%
Mozzecane
6%
Oppeano
6%
Orgiano
6%
Pojana Maggiore
6%
Ponso
6%
Rivamonte Agordino
6%
San Pietro in Cariano
6%
Tonezza del Cimone
6%
Trecenta
6%
Urbana
6%
Vescovana
6%
Villadose
6%
Angiari
5%
Badia Calavena
5%
Castegnero
5%
Castelmassa
5%
Crespadoro
5%
Erbezzo
5%
Lastebasse
5%
Marano di Valpolicella
5%
Megliadino San Vitale
5%
Montecchia di Crosara
5%
Papozze
5%
Posina
5%
Povegliano Veronese
5%
San Giovanni Ilarione
5%
Sanguinetto
5%
Sant'Anna d'Alfaedo
5%
San Vito di Leguzzano
5%
Torrebelvicino
5%
Tregnago
5%
Vighizzolo d'Este
5%
Villa Bartolomea
5%
Villaga
5%
Villamarzana
5%
Brentino Belluno
4%
Calvene
4%
Campiglia dei Berici
4%
Canaro
4%
Canda
4%
Casaleone
4%
Costa di Rovigo
4%
Costermano sul Garda
4%
Ficarolo
4%
Fiesso Umbertiano
4%
Lavagno
4%
Pedemonte
4%
Pettorazza Grimani
4%
Pincara
4%
Ronco all'Adige
4%
San Pietro Mussolino
4%
Sorgà
4%
Stienta
4%
Trevenzuolo
4%
Vestenanova
4%
Villanova del Ghebbo
4%
Zermeghedo
4%
Zimella
4%
Zovencedo
4%
Asigliano Veneto
3%
Bagnolo di Po
3%
Bergantino
3%
Bosaro
3%
Boschi Sant'Anna
3%
Calto
3%
Ceneselli
3%
Ceregnano
3%
Corbola
3%
Crespino
3%
Gaiba
3%
Gavello
3%
Giacciano con Baruchella
3%
Guarda Veneta
3%
Mezzane di Sotto
3%
Nogarole Vicentino
3%
Pressana
3%
Rivoli Veronese
3%
Roverè Veronese
3%
Salara
3%
Salizzole
3%
San Bellino
3%
San Martino di Venezze
3%
San Pietro di Morubio
3%
Selva di Progno
3%
Val Liona
3%
Villanova Marchesana
3%
Bonavigo
2%
Castelnovo Bariano
2%
Concamarise
2%
Frassinelle Polesine
2%
Pontecchio Polesine
2%
Roveredo di Guà
2%
San Mauro di Saline
2%

Distribuzione punteggi

Percentile per numero di risposta

Percentuale di utenti per punteggio

I tuoi punteggi nel tempo

Non hai fatto questo quiz